000
00324nam a22001457a 4500
003
SGT
020
_a
978-81-7084-188-0
082
_a
615.53
_b
A17R
100
_a
RANADE, SUBHASH
245
_a
AYURVEDIC PANCHAKARMA
260
_a
DELHI
_b
CHAUKHAMBA PUB
_c
2017
300
_a
199
650
_a
AYURVEDA PUB
942
_2
ddc
_c
BK
_0
3
999
_c
16552
_d
16552